| 000 | 00990nam a22002657a 4500 | ||
|---|---|---|---|
| 999 |
_c12669 _d12669 |
||
| 003 | EG-ScBUE | ||
| 005 | 20210123095540.0 | ||
| 008 | 090820s2003 ua f 00| j ara d | ||
| 020 | _a9773054519 | ||
| 040 |
_aEG-ScBUE _bara _erda _cEG-ScBUE _dEG-ScBUE |
||
| 082 | 0 | 4 |
_a892.736 _bم ح م _222 |
| 100 | 1 |
_927088 _aمحمودي ، عبد الرشيد صادق، _eمؤلف. |
|
| 245 | 1 | 2 |
_aاللورد شعبان : _bقصص / _cعبد الرشيد صادق محمودي. |
| 250 | _aالطبعة الأولى. | ||
| 264 | 1 |
_aالقاهرة : _bالهيئة العامة لقصور الثقافة، _c2003. |
|
| 300 |
_a280 صفحة ؛ _c22 سم. |
||
| 336 |
_2rdacontent _aنص _btxt |
||
| 337 |
_2rdamedia _aبدون وسيط _bn |
||
| 338 |
_2rdacarrier _aمجلد _bnc |
||
| 490 | 0 |
_aأصوات أدبية ؛ _v335 |
|
| 650 | 7 |
_aالقصص القصيرة العربية _zمصر _yقرن 21. _2BUEsh |
|
| 653 |
_bARALIT _cJanuary2021 |
||
| 655 |
_vReading book _934232 |
||
| 942 |
_2ddc _cBB |
||